000 00587nam a2200217Ia 4500
003 OSt
005 20220927114236.0
006 a|||||r|||| 00| 0
007 ta
008 220926b |||||||| |||| 00| 0 eng d
024 _a149577
037 _cTextbook
040 _aRTL
_cRTL
_beng
041 _2eng
_aeng
082 _a"X, L0/TD"
100 _aKAAVIS Irving
_9387748
245 0 _aTrade as a hNDMiden of growth
_b Similarities between the ninteeth and twentieth centuries
260 _c1970
942 _h"X, L0/TD"
_cCC
999 _c703580
_d703580